El proceso de mediación: métodos prácticos para la resolución de conflictos
Guardat en:
| Autor principal: | |
|---|---|
| Format: | Llibre |
| Idioma: | espanyol |
| Publicat: |
Buenos Aires
Granica
1995
|
| Col·lecció: | Mediación
|
| Matèries: | |
| Etiquetes: |
Afegir etiqueta
Sense etiquetes, Sigues el primer a etiquetar aquest registre!
|
MARC
| LEADER | 00000nam a2200000 a 4500 | ||
|---|---|---|---|
| 001 | UCM9684 | ||
| 003 | CL-VaPUC | ||
| 008 | 030509e19950000AG |||||||||||||||||spa|d | ||
| 082 | 0 | 4 | |a 303.69 |b MOO |2 21 |
| 100 | |a Moore, Christopher W. |e autor |9 476220 | ||
| 245 | 1 | 3 | |a El proceso de mediación: métodos prácticos para la resolución de conflictos |
| 300 | |a 511 p | ||
| 942 | |c BK | ||
| 945 | |d 20030509 00:00:00 |a cmena | ||
| 260 | |a Buenos Aires |b Granica |c 1995 | ||
| 650 | 0 | |a Mediación |9 338396 | |
| 650 | 0 | |a Resolución de conflictos |9 434922 | |
| 650 | 0 | |a Antropología social |9 306264 | |
| 650 | 0 | |a Psicología social |9 222894 | |
| 583 | |a last modification |c 20030509 00:00:00 |k Rodrigo Vera | ||
| 490 | 0 | |a Mediación | |
| 999 | |c 303828 |d 303826 | ||
| 952 | |0 0 |1 0 |4 0 |6 303_690000000000000_MOO_1995 |7 0 |8 A |9 365397 |a BIBEDU |b BIBEDU |d 2019-11-21 |i 3902102 |o 303.69 MOO 1995 |p 3902102 |r 2019-11-21 |w 2019-11-21 |y BK |k PSI | ||